Library of the University of Algiers 3
Ibrahim Sultan Cheibout
شعار جامعة الجزائر 3
مكتبة جامعة الجزائر 3
إبراهيم سلطان شيبوط

الادارة المالية العامة : (رقم التسجيلة. 41928)

تفاصيل مارك
000 -LEADER
fixed length control field 01561nam a2200229Ia 4500
003 - CONTROL NUMBER IDENTIFIER
control field Ost
005 - DATE AND TIME OF LATEST TRANSACTION
control field 20260507074941.0
008 - FIXED-LENGTH DATA ELEMENTS--GENERAL INFORMATION
fixed length control field 260507s9999||||xx |||||||||||||| ||und||
040 ## - CATALOGING SOURCE
Transcribing agency fsecg
041 ## - LANGUAGE CODE
Language code of text/sound track or separate title ara
082 ## - DEWEY DECIMAL CLASSIFICATION NUMBER
Classification number 336
100 ## - MAIN ENTRY--PERSONAL NAME
Relator term مؤلف
245 #0 - TITLE STATEMENT
Title الادارة المالية العامة :
Remainder of title أوراق ندوة وورشة عمل الاساليب الحديثة في الادارة المالية العامة المنعقد بالقاهرة في سبتمبر 2006 /
260 ## - PUBLICATION, DISTRIBUTION, ETC.
Place of publication, distribution, etc. القاهرة:
Name of publisher, distributor, etc. المنظمة العربية للتنمية الادارية,
Date of publication, distribution, etc. 2007
300 ## - PHYSICAL DESCRIPTION
Extent 246 صفحة؛
Dimensions 24 سم
520 ## - SUMMARY, ETC.
Summary, etc. نحوى تطبيق موازنة الاداء لتحقيق الادارة الرشيدة في الدولة العربية ، مدخل تحليلي لجدوى المشروعات العامة في القطاع الحكومي ، أساليب إدارة المالية العومية بتونس قطاع التعليم العالي نموذجا ، مدخل مقترح لتعظيم قيمة الاستثمار الأجنبي المباشر بالعالم العربي ، مدخل تقييم المشروعات ، التنظيم المحاسبي لادارة الدين العام المحلي لأغراض رفع الكفاءة الادارة المالية ، كيفية توازن الهياكل المالية في القطاع الحكومي
653 ## - INDEX TERM--UNCONTROLLED
Uncontrolled term ادارة
653 ## - INDEX TERM--UNCONTROLLED
Uncontrolled term الادارة المالية
653 ## - INDEX TERM--UNCONTROLLED
Uncontrolled term السياسة المالية
653 ## - INDEX TERM--UNCONTROLLED
Uncontrolled term مالية عامة
942 ## - ADDED ENTRY ELEMENTS (KOHA)
Koha item type كتب
المقتنيات
Withdrawn status Lost status Source of classification or shelving scheme Damaged status Not for loan Home library Current library Date acquired Serial enumeration / chronology Inventory number Total checkouts Full call number Barcode Date last seen Price effective from Koha item type
    Dewey Decimal Classification   NOT LOAN / إعارة داخلية مكتبة كلية العلوم الإقتصادية والعلوم التجارية وعلوم التسيير مكتبة كلية العلوم الإقتصادية والعلوم التجارية وعلوم التسيير 07/05/2026 الطابق الأرضي 3435   أ/2770ن1 3435 07/05/2026 07/05/2026 كتب
    Dewey Decimal Classification   Available مكتبة كلية العلوم الإقتصادية والعلوم التجارية وعلوم التسيير مكتبة كلية العلوم الإقتصادية والعلوم التجارية وعلوم التسيير 07/05/2026 الطابق الأرضي 3436   أ/2770ن2 3436 07/05/2026 07/05/2026 كتب
    Dewey Decimal Classification   Available مكتبة كلية العلوم الإقتصادية والعلوم التجارية وعلوم التسيير مكتبة كلية العلوم الإقتصادية والعلوم التجارية وعلوم التسيير 07/05/2026 الطابق الأرضي 3437   أ/2770ن3 3437 07/05/2026 07/05/2026 كتب
    Dewey Decimal Classification   Available مكتبة كلية العلوم الإقتصادية والعلوم التجارية وعلوم التسيير مكتبة كلية العلوم الإقتصادية والعلوم التجارية وعلوم التسيير 07/05/2026 الطابق الثاني 3438   أ/2770ن4 3438 07/05/2026 07/05/2026 كتب
    Dewey Decimal Classification   Available مكتبة كلية العلوم الإقتصادية والعلوم التجارية وعلوم التسيير مكتبة كلية العلوم الإقتصادية والعلوم التجارية وعلوم التسيير 07/05/2026 الطابق الثاني 3439   أ/2770ن5 3439 07/05/2026 07/05/2026 كتب
    Dewey Decimal Classification   Available مكتبة كلية العلوم الإقتصادية والعلوم التجارية وعلوم التسيير مكتبة كلية العلوم الإقتصادية والعلوم التجارية وعلوم التسيير 07/05/2026 مكتبة بن عكنون 3440   أ/2770ن6 3440 07/05/2026 07/05/2026 كتب
    Dewey Decimal Classification   Available مكتبة كلية العلوم الإقتصادية والعلوم التجارية وعلوم التسيير مكتبة كلية العلوم الإقتصادية والعلوم التجارية وعلوم التسيير 07/05/2026 مكتبة بن عكنون 3441   أ/2770ن7 3441 07/05/2026 07/05/2026 كتب
    Dewey Decimal Classification   Available مكتبة كلية العلوم الإقتصادية والعلوم التجارية وعلوم التسيير مكتبة كلية العلوم الإقتصادية والعلوم التجارية وعلوم التسيير 07/05/2026 مكتبة بن عكنون 3442   أ/2770ن8 3442 07/05/2026 07/05/2026 كتب

موارد الويب المفتوحة


© University of Algiers 3 All Rights Reserved
|
Implemented by LECHELAH Riad